AFPU Matcom Quiz - Statistics

General Stats
  • This quiz has been taken 16 times
  • The average score is 10 of 24
Answer Stats
Hint Answer % Correct
Scripter 9kilo99
85%
Director SteveyPants444
85%
Scripter sethsethisthebest
77%
Bot Developer iiSnxwySloth
62%
Modeller sebultiment
62%
Uniforms SlovakOperator
62%
Tester bob_something21
54%
AI Prompt Director ForestDestroyer
54%
Director Totoro
54%
Builder DynamicDodo
46%
Voice Actor redstonegamerboss
38%
Uniforms SpeedyTv_1
38%
Tester Vaco
38%
Inspiration DevSparkle
31%
Scripter Gin
31%
Builder VortexPelta
31%
Builder wonderfulyoda23
31%
Planet Developer apture
23%
Scripter br_xnd
23%
Builder killersith18
23%
Voice Creator SpyJams08
23%
Contribuitor Aerasto
15%
Contribuitor DragonBossJ1212
15%
Scripter Kadxmitus
15%
No matching quizzes found
Score Distribution
Percent of People with Each Score
Percentile by Number Answered
Your Score History
You have not taken this quiz